[Event "Bundesliga 9900"]
[Site "Deutschland"]
[Date "2000.03.12"]
[Round "12.7"]
[White "Kachiani Gersinska, Ketino"]
[Black "Brendel, Oliver"]
[Result "1/2-1/2"]
[WhiteElo "2437"]
[BlackElo "2398"]
[PlyCount "138"]
[EventDate "1999.10.09"]
[EventType "team"]
[EventRounds "15"]
[EventCountry "GER"]
[SourceTitle "Bundesliga 9900"]
[Source "DeepChess"]
[SourceDate "2005.01.01"]
[SourceVersion "1"]
[SourceVersionDate "2005.01.01"]
[SourceQuality "1"]
[WhiteTeam "TV Tegernsee"]
[BlackTeam "SV Castrop Rauxel 1923"]
[WhiteTeamCountry "GER"]
[BlackTeamCountry "GER"]

1. d4 Nf6 2. c4 g6 3. Nc3 Bg7 4. e4 d6 5. Be2 O-O 6. Bg5 Nbd7 7. f3 c5 8. d5 a6
9. a4 Qa5 10. Bd2 Qc7 11. Nh3 e6 12. Nf2 exd5 13. cxd5 c4 14. Qc1 Rb8 15. a5 b5
16. axb6 Nxb6 17. Bh6 Bxh6 18. Qxh6 Nbd7 19. Ra2 Ne5 20. Qe3 Bd7 21. O-O Bb5
22. g4 Qb6 23. Qxb6 Rxb6 24. f4 Nd3 25. Bxd3 cxd3 26. g5 Nh5 27. Nxb5 Rxb5 28.
Nxd3 Rb3 29. Ra3 Rxa3 30. bxa3 Rc8 31. e5 Rd8 32. Nb4 Kf8 33. Nc6 Rd7 34. e6
fxe6 35. dxe6 Rc7 36. Nb4 a5 37. Nd5 Rc5 38. Rd1 Ng7 39. Nf6 Ke7 40. Nxh7 Nxe6
41. Re1 Kf7 42. Rd1 d5 43. Nf6 Nxf4 44. Rf1 Ne2+ 45. Kf2 Nc3 46. Nd7 Rc7 47.
Ke3+ Kg7 48. Nf6 Re7+ 49. Kd4 Nb5+ 50. Kxd5 Nxa3 51. Ra1 Nc2 52. Rxa5 Ne3+ 53.
Kd6 Kf7 54. Kc6 Re6+ 55. Kc7 Re7+ 56. Kd8 Nc4 57. Rd5 Ne5 58. Nd7 Nf3 59. h3
Ke6 60. Rd3 Rxd7+ 61. Rxd7 Nxg5 62. Rd3 Nxh3 63. Rxh3 g5 64. Ra3 Kf5 65. Ke7 g4
66. Ra5+ Kf4 67. Kf6 g3 68. Ra4+ Kf3 69. Kf5 g2 1/2-1/2

[Event "Bundesliga 9900"]
[Site "Deutschland"]
[Date "2000.03.12"]
[Round "12.8"]
[White "Appel, Ralf"]
[Black "Bromberger, Stefan"]
[Result "1-0"]
[WhiteElo "2475"]
[BlackElo "2319"]
[PlyCount "57"]
[EventDate "1999.10.09"]
[EventType "team"]
[EventRounds "15"]
[EventCountry "GER"]
[SourceTitle "Bundesliga 9900"]
[Source "DeepChess"]
[SourceDate "2005.01.01"]
[SourceVersion "1"]
[SourceVersionDate "2005.01.01"]
[SourceQuality "1"]
[WhiteTeam "SV Castrop Rauxel 1923"]
[BlackTeam "TV Tegernsee"]
[WhiteTeamCountry "GER"]
[BlackTeamCountry "GER"]

1. Nf3 c5 2. g3 b6 3. Bg2 Bb7 4. O-O Nf6 5. d3 g6 6. e4 d6 7. Nc3 Bg7 8. Nh4
Nc6 9. f4 O-O 10. f5 Nd7 11. Bg5 b5 12. Rb1 b4 13. Nd5 h6 14. fxg6 fxg6 15. Qg4
hxg5 16. Qe6+ Kh7 17. Qxg6+ Kh8 18. e5 Qe8 19. Be4 Rxf1+ 20. Rxf1 Qxg6 21.
Nxg6+ Kh7 22. Ngxe7+ Kh8 23. Ng6+ Kh7 24. Rf7 Rd8 25. e6 Nd4 26. Ne5+ Kh6 27.
Ng4+ Kh5 28. Rxg7 Kxg4 29. Ne3+ 1-0

[Event "Bundesliga 9900"]
[Site "Deutschland"]
[Date "2000.03.13"]
[Round "13.1"]
[White "Jussupow, Artur"]
[Black "Agdestein, Simen"]
[Result "1/2-1/2"]
[WhiteElo "2628"]
[BlackElo "2588"]
[PlyCount "92"]
[EventDate "1999.10.09"]
[EventType "team"]
[EventRounds "15"]
[EventCountry "GER"]
[SourceTitle "Bundesliga 9900"]
[Source "DeepChess"]
[SourceDate "2005.01.01"]
[SourceVersion "1"]
[SourceVersionDate "2005.01.01"]
[SourceQuality "1"]
[WhiteTeam "SG 1868 Aljech. Solingen"]
[BlackTeam "Delmenhorster SK 1931"]
[WhiteTeamCountry "GER"]
[BlackTeamCountry "GER"]

1. d4 d5 2. c4 c6 3. Nc3 Nf6 4. e3 a6 5. Bd2 Bf5 6. Qb3 Ra7 7. Nf3 e6 8. a4 Bd6
9. Be2 O-O 10. Nh4 Bg4 11. f3 Bh5 12. g3 c5 13. cxd5 exd5 14. O-O Nc6 15. Nxd5
cxd4 16. Nxf6+ Qxf6 17. e4 Rd8 18. Bd3 Qe6 19. Qb6 Qd7 20. Rac1 Raa8 21. f4 f6
22. Nf5 Bb8 23. Qb3+ Kh8 24. Kg2 Bf7 25. Bc4 Bxc4 26. Rxc4 Ba7 27. Qd3 Re8 28.
b4 Ne7 29. Nxe7 Qxe7 30. Rfc1 Rad8 31. Rc7 Rd7 32. Rc8 Rdd8 33. R8c7 Rd7 34.
Rxd7 Qxd7 35. b5 axb5 36. Qxb5 Qxb5 37. axb5 Bb6 38. Kf3 Kg8 39. Bb4 Kf7 40. h4
h5 41. f5 g6 42. Bd6 gxf5 43. exf5 Re3+ 44. Kf4 Rb3 45. Re1 Bd8 46. Rd1 Rxb5
1/2-1/2

[Event "Bundesliga 9900"]
[Site "Deutschland"]
[Date "2000.03.13"]
[Round "13.2"]
[White "Rogers, Ian"]
[Black "Sadler, Matthew"]
[Result "0-1"]
[WhiteElo "2562"]
[BlackElo "2630"]
[PlyCount "74"]
[EventDate "1999.10.09"]
[EventType "team"]
[EventRounds "15"]
[EventCountry "GER"]
[SourceTitle "Bundesliga 9900"]
[Source "DeepChess"]
[SourceDate "2005.01.01"]
[SourceVersion "1"]
[SourceVersionDate "2005.01.01"]
[SourceQuality "1"]
[WhiteTeam "Delmenhorster SK 1931"]
[BlackTeam "SG 1868 Aljech. Solingen"]
[WhiteTeamCountry "GER"]
[BlackTeamCountry "GER"]

1. e4 c5 2. c4 Nc6 3. Nc3 g6 4. g3 Bg7 5. Bg2 a6 6. a4 e6 7. Nge2 Nge7 8. O-O
b6 9. d3 Bb7 10. Rb1 Qc7 11. Be3 Nd4 12. Bf4 Nxe2+ 13. Nxe2 d6 14. b4 O-O 15.
Qb3 Rfb8 16. a5 bxa5 17. bxc5 e5 18. Qa3 Qxc5 19. Qxc5 dxc5 20. Be3 Nc6 21.
Bxc5 Nb4 22. Nc3 Bf8 23. Bxf8 Kxf8 24. Rfd1 Bc6 25. Nd5 Ba4 26. Rd2 Nxd5 27.
Rxb8+ Rxb8 28. exd5 Rb1+ 29. Bf1 Bb3 30. Re2 a4 31. Rxe5 a3 32. d6 Ba4 33. Ra5
a2 34. Rxa4 a1=Q 35. Rxa1 Rxa1 36. c5 a5 37. c6 Ke8 0-1

[Event "Bundesliga 9900"]
[Site "Deutschland"]
[Date "2000.03.13"]
[Round "13.5"]
[White "Piket, Jeroen"]
[Black "Lauber, Arnd"]
[Result "1-0"]
[WhiteElo "2633"]
[BlackElo "2416"]
[PlyCount "107"]
[EventDate "1999.10.09"]
[EventType "team"]
[EventRounds "15"]
[EventCountry "GER"]
[SourceTitle "Bundesliga 9900"]
[Source "DeepChess"]
[SourceDate "2005.01.01"]
[SourceVersion "1"]
[SourceVersionDate "2005.01.01"]
[SourceQuality "1"]
[WhiteTeam "SG 1868 Aljech. Solingen"]
[BlackTeam "Delmenhorster SK 1931"]
[WhiteTeamCountry "GER"]
[BlackTeamCountry "GER"]

1. d4 Nf6 2. c4 e6 3. Nf3 b6 4. a3 Bb7 5. Nc3 d5 6. cxd5 Nxd5 7. e3 g6 8. Bb5+
c6 9. Nxd5 exd5 10. Bd3 Bg7 11. b4 O-O 12. Bd2 Nd7 13. O-O Re8 14. Qc2 Rc8 15.
Rab1 Qc7 16. Rfc1 Qd6 17. a4 Ba8 18. Bc3 Re7 19. h3 Nf8 20. Nd2 Ne6 21. Nb3 Ng5
22. a5 f5 23. Be1 Ne6 24. Qa2 Rf8 25. axb6 axb6 26. b5 c5 27. dxc5 bxc5 28.
Nxc5 Nxc5 29. Bb4 Rc7 30. b6 Rc6 31. Bb5 Rcc8 32. Qa3 Qxb6 33. Bxc5 Qf6 34.
Bxf8 Rxf8 35. Qa6 d4 36. Bc6 dxe3 37. Qa2+ Qf7 38. Qxf7+ Kxf7 39. fxe3 Bh6 40.
Kf2 Bxc6 41. Rxc6 Re8 42. Rb7+ Kg8 43. Rc3 Bg5 44. Kf3 Bf6 45. Rcc7 h5 46. Rc6
Rf8 47. Rbc7 Rf7 48. Rxf7 Kxf7 49. Kf4 Kg7 50. g4 fxg4 51. hxg4 hxg4 52. Kxg4
Kf7 53. Kf4 Bb2 54. Kg5 1-0

[Event "Bundesliga 9900"]
[Site "Deutschland"]
[Date "2000.03.13"]
[Round "13.6"]
[White "Beckemeier, Werner"]
[Black "Kasimdzhanov, Rustam"]
[Result "1/2-1/2"]
[WhiteElo "2374"]
[BlackElo "2614"]
[PlyCount "76"]
[EventDate "1999.10.09"]
[EventType "team"]
[EventRounds "15"]
[EventCountry "GER"]
[SourceTitle "Bundesliga 9900"]
[Source "DeepChess"]
[SourceDate "2005.01.01"]
[SourceVersion "1"]
[SourceVersionDate "2005.01.01"]
[SourceQuality "1"]
[WhiteTeam "Delmenhorster SK 1931"]
[BlackTeam "SG 1868 Aljech. Solingen"]
[WhiteTeamCountry "GER"]
[BlackTeamCountry "GER"]

1. Nf3 g6 2. g3 Bg7 3. Bg2 c5 4. O-O Nc6 5. c3 e5 6. d3 Nge7 7. e4 O-O 8. Nbd2
d6 9. a3 h6 10. b4 Be6 11. Bb2 a6 12. Qc2 b5 13. Rfd1 Rc8 14. bxc5 dxc5 15. a4
Qb6 16. axb5 axb5 17. Qb1 Rfd8 18. Ba3 b4 19. Bb2 bxc3 20. Bxc3 Qxb1 21. Nxb1
c4 22. Na3 cxd3 23. Ne1 Nd4 24. Bxd4 Rxd4 25. Rxd3 Ra4 26. Rad1 Rc5 27. Nac2
Nc6 28. Ne3 Nd4 29. R3d2 Kh7 30. Nd3 Rc3 31. Nd5 Bxd5 32. exd5 Nb3 33. Nb2 Ra2
34. Rd3 Nd4 35. Rxc3 Ne2+ 36. Kf1 Nxc3 37. Rc1 e4 38. Nd1 Nxd5 1/2-1/2

[Event "Bundesliga 9900"]
[Site "Deutschland"]
[Date "2000.03.13"]
[Round "13.7"]
[White "Lobron, Eric"]
[Black "Breutigam, Martin"]
[Result "1/2-1/2"]
[WhiteElo "2550"]
[BlackElo "2343"]
[PlyCount "110"]
[EventDate "1999.10.09"]
[EventType "team"]
[EventRounds "15"]
[EventCountry "GER"]
[SourceTitle "Bundesliga 9900"]
[Source "DeepChess"]
[SourceDate "2005.01.01"]
[SourceVersion "1"]
[SourceVersionDate "2005.01.01"]
[SourceQuality "1"]
[WhiteTeam "SG 1868 Aljech. Solingen"]
[BlackTeam "Delmenhorster SK 1931"]
[WhiteTeamCountry "GER"]
[BlackTeamCountry "GER"]

1. d4 d5 2. Bg5 h6 3. Bh4 c6 4. Nf3 Qb6 5. b3 Bf5 6. e3 Nd7 7. Bd3 Bxd3 8. Qxd3
Ngf6 9. O-O e6 10. Nbd2 Be7 11. c4 O-O 12. c5 Qd8 13. b4 Nh5 14. Bg3 Nxg3 15.
hxg3 Qc7 16. Qc3 Bf6 17. Rab1 b5 18. a4 a6 19. Ra1 e5 20. Ra3 exd4 21. exd4
Rfe8 22. axb5 axb5 23. Rfa1 Rxa3 24. Qxa3 Nf8 25. Qa7 Qc8 26. Qa6 Ne6 27. Qxc8
Rxc8 28. Nb3 g5 29. Ra7 g4 30. Nh4 Bxh4 31. gxh4 Rc7 32. g3 Kg7 33. f3 f5 34.
Kf2 Kf6 35. Ke3 f4+ 36. Kf2 Kf5 37. Ra8 gxf3 38. Kxf3 fxg3 39. Kxg3 Rg7+ 40.
Kf2 Rg6 41. Rc8 Nf4 42. Kf3 Nd3 43. Na5 Nxb4 44. Ke3 Rg3+ 45. Kf2 Rg4 46. h5
Rxd4 47. Nxc6 Nxc6 48. Rxc6 Rc4 49. Rxh6 Rxc5 50. Rb6 Ke4 51. Re6+ Kd3 52. Re3+
Kc2 53. Re2+ Kd3 54. Re3+ Kc4 55. Re1 Kd3 1/2-1/2

[Event "Bundesliga 9900"]
[Site "Deutschland"]
[Date "2000.03.13"]
[Round "13.8"]
[White "Wesseln, Kai"]
[Black "Chandler, Murray G"]
[Result "1/2-1/2"]
[WhiteElo "2356"]
[BlackElo "2527"]
[PlyCount "99"]
[EventDate "1999.10.09"]
[EventType "team"]
[EventRounds "15"]
[EventCountry "GER"]
[SourceTitle "Bundesliga 9900"]
[Source "DeepChess"]
[SourceDate "2005.01.01"]
[SourceVersion "1"]
[SourceVersionDate "2005.01.01"]
[SourceQuality "1"]
[WhiteTeam "Delmenhorster SK 1931"]
[BlackTeam "SG 1868 Aljech. Solingen"]
[WhiteTeamCountry "GER"]
[BlackTeamCountry "GER"]

1. d4 Nf6 2. Nf3 d5 3. Bf4 c5 4. e3 Nc6 5. c3 Qb6 6. Qb3 c4 7. Qc2 Bf5 8. Qc1
e6 9. Nbd2 Be7 10. Be2 O-O 11. O-O Rfc8 12. Ne5 Nxe5 13. Bxe5 Qd8 14. Bf3 Bd3
15. Re1 Ne4 16. Be2 Bh4 17. Bg3 Bxg3 18. hxg3 b5 19. a3 a5 20. Nf1 Bxe2 21.
Rxe2 Qd6 22. Qe1 b4 23. f3 Nf6 24. axb4 axb4 25. Rxa8 Rxa8 26. e4 dxe4 27. fxe4
Ng4 28. Ne3 Nxe3 29. Rxe3 Ra2 30. Re2 h6 31. Qf2 b3 32. e5 Qd8 33. Qf4 Ra1+ 34.
Kh2 Qg5 35. Qxg5 hxg5 36. g4 Kf8 37. Kg3 Ke7 38. Kf2 Kd7 39. Re1 Ra2 40. Rb1
Kc6 41. Ke3 Kd5 42. Kf3 f6 43. exf6 gxf6 44. Ke3 f5 45. gxf5 exf5 46. g3 Ke6
47. Kf3 Kf6 48. Ke3 Ke6 49. Kf3 Kd5 50. Ke3 1/2-1/2

[Event "Bundesliga 9900"]
[Site "Deutschland"]
[Date "2000.03.13"]
[Round "13.1"]
[White "Tischbierek, Raj"]
[Black "Shirov, Alexei"]
[Result "1-0"]
[WhiteElo "2526"]
[BlackElo "2751"]
[PlyCount "47"]
[EventDate "1999.10.09"]
[EventType "team"]
[EventRounds "15"]
[EventCountry "GER"]
[SourceTitle "Bundesliga 9900"]
[Source "DeepChess"]
[SourceDate "2005.01.01"]
[SourceVersion "1"]
[SourceVersionDate "2005.01.01"]
[SourceQuality "1"]
[WhiteTeam "Dresdner SC 1898"]
[BlackTeam "Luebecker SV von 1873 "]
[WhiteTeamCountry "GER"]
[BlackTeamCountry "GER"]

1. e4 c5 2. Nf3 d6 3. d4 cxd4 4. Nxd4 Nf6 5. Nc3 a6 6. Bg5 e6 7. f4 Nc6 8. Nxc6
bxc6 9. e5 h6 10. Bh4 g5 11. fxg5 Nd5 12. Ne4 Qb6 13. Bd3 hxg5 14. Bg3 dxe5 15.
Bxe5 Rh4 16. Qd2 f5 17. Nf6+ Nxf6 18. Bxf6 Bb4 19. c3 Bd6 20. Bxg5 Rg4 21. Be2
Rxg5 22. Qxg5 Qxb2 23. Bh5+ Kd7 24. Qg7+ 1-0

[Event "Bundesliga 9900"]
[Site "Deutschland"]
[Date "2000.03.13"]
[Round "13.2"]
[White "Bareev, Evgeny"]
[Black "Boensch, Uwe"]
[Result "0-1"]
[WhiteElo "2709"]
[BlackElo "2547"]
[PlyCount "78"]
[EventDate "1999.10.09"]
[EventType "team"]
[EventRounds "15"]
[EventCountry "GER"]
[SourceTitle "Bundesliga 9900"]
[Source "DeepChess"]
[SourceDate "2005.01.01"]
[SourceVersion "1"]
[SourceVersionDate "2005.01.01"]
[SourceQuality "1"]
[WhiteTeam "Luebecker SV von 1873 "]
[BlackTeam "Dresdner SC 1898"]
[WhiteTeamCountry "GER"]
[BlackTeamCountry "GER"]

1. d4 Nf6 2. c4 e6 3. Nc3 d5 4. cxd5 exd5 5. Bg5 c6 6. Qc2 Be7 7. e3 Nbd7 8.
Bd3 Nh5 9. Bxe7 Qxe7 10. Nge2 Nb6 11. Rb1 g6 12. b4 a6 13. a4 O-O 14. a5 Nd7
15. Na4 f5 16. O-O Ndf6 17. Qc1 Be6 18. Bc2 Ne4 19. Rb3 g5 20. f3 Nd6 21. Nc5
Rae8 22. Re1 Bc8 23. Ng3 Nxg3 24. hxg3 f4 25. g4 Qg7 26. Qd1 Nb5 27. Bd3 h5 28.
Bxb5 axb5 29. gxh5 g4 30. exf4 g3 31. Rbe3 Rxe3 32. Rxe3 Qf6 33. Kf1 Qh4 34.
Ke2 Qh2 35. Qf1 Bh3 36. Kd2 Bxg2 37. Qe1 Bh3+ 38. Re2 g2 39. Qf2 Qxf4+ 0-1

[Event "Bundesliga 9900"]
[Site "Deutschland"]
[Date "2000.03.13"]
[Round "13.4"]
[White "Hansen, Lars Bo"]
[Black "Lanka, Zigurds"]
[Result "1/2-1/2"]
[WhiteElo "2569"]
[BlackElo "2503"]
[PlyCount "80"]
[EventDate "1999.10.09"]
[EventType "team"]
[EventRounds "15"]
[EventCountry "GER"]
[SourceTitle "Bundesliga 9900"]
[Source "DeepChess"]
[SourceDate "2005.01.01"]
[SourceVersion "1"]
[SourceVersionDate "2005.01.01"]
[SourceQuality "1"]
[WhiteTeam "Luebecker SV von 1873 "]
[BlackTeam "Dresdner SC 1898"]
[WhiteTeamCountry "GER"]
[BlackTeamCountry "GER"]

1. c4 Nf6 2. Nc3 g6 3. g3 Bg7 4. Bg2 d6 5. d3 O-O 6. e4 c5 7. Nge2 Nc6 8. O-O
Ne8 9. Be3 Nd4 10. Qd2 Nc7 11. Bh6 Bd7 12. Bxg7 Kxg7 13. b4 b6 14. f4 f6 15.
bxc5 bxc5 16. Rab1 Nxe2+ 17. Nxe2 Rb8 18. Qa5 Ne6 19. Qxa7 Ra8 20. Qb7 Rxa2 21.
Rb2 Bc6 22. Qb3 Rxb2 23. Qxb2 Qb8 24. Rb1 Qxb2 25. Rxb2 Ra8 26. e5 Bxg2 27.
exf6+ Kxf6 28. Kxg2 Ra3 29. Rd2 Nd8 30. g4 Nc6 31. Ng3 Nb4 32. Ne4+ Kf7 33. Nf2
Rb3 34. h3 Ra3 35. Kh2 e6 36. d4 cxd4 37. Rxd4 Ke7 38. Ne4 d5 39. cxd5 Nxd5 40.
f5 gxf5 1/2-1/2

[Event "Bundesliga 9900"]
[Site "Deutschland"]
[Date "2000.03.13"]
[Round "13.6"]
[White "Kalinitschew, Sergey"]
[Black "Gauglitz, Gernot"]
[Result "1-0"]
[WhiteElo "2504"]
[BlackElo "2390"]
[PlyCount "59"]
[EventDate "1999.10.09"]
[EventType "team"]
[EventRounds "15"]
[EventCountry "GER"]
[SourceTitle "Bundesliga 9900"]
[Source "DeepChess"]
[SourceDate "2005.01.01"]
[SourceVersion "1"]
[SourceVersionDate "2005.01.01"]
[SourceQuality "1"]
[WhiteTeam "Luebecker SV von 1873 "]
[BlackTeam "Dresdner SC 1898"]
[WhiteTeamCountry "GER"]
[BlackTeamCountry "GER"]

1. Nf3 Nf6 2. c4 c6 3. d4 d5 4. e3 g6 5. Nc3 Bg7 6. Bd3 O-O 7. O-O a6 8. Qc2
Nbd7 9. b3 Re8 10. Bb2 dxc4 11. Bxc4 b5 12. Be2 Bb7 13. Rfd1 Qc7 14. Rac1 c5
15. dxc5 Qxc5 16. Qb1 Qa7 17. a4 b4 18. Na2 Be4 19. Qa1 Nc5 20. Nd2 Red8 21.
Nxe4 Ncxe4 22. Bf3 Nd2 23. Bxa8 Qxa8 24. Nxb4 Nxb3 25. Rxd8+ Qxd8 26. Rd1 Qb6
27. Qa3 Nc5 28. Bxf6 exf6 29. Nd5 Qa7 30. Rc1 1-0

[Event "Bundesliga 9900"]
[Site "Deutschland"]
[Date "2000.03.13"]
[Round "13.7"]
[White "Heinatz, Thomas"]
[Black "Lau, Ralf"]
[Result "0-1"]
[WhiteElo "2338"]
[BlackElo "2527"]
[PlyCount "94"]
[EventDate "1999.10.09"]
[EventType "team"]
[EventRounds "15"]
[EventCountry "GER"]
[SourceTitle "Bundesliga 9900"]
[Source "DeepChess"]
[SourceDate "2005.01.01"]
[SourceVersion "1"]
[SourceVersionDate "2005.01.01"]
[SourceQuality "1"]
[WhiteTeam "Dresdner SC 1898"]
[BlackTeam "Luebecker SV von 1873 "]
[WhiteTeamCountry "GER"]
[BlackTeamCountry "GER"]

1. e4 d5 2. exd5 Qxd5 3. Nc3 Qa5 4. d4 Nf6 5. Nf3 c6 6. Ne5 Be6 7. Bd3 g6 8.
O-O Bg7 9. f4 Bf5 10. Bc4 O-O 11. g4 Bc8 12. Be3 Nbd7 13. Be2 Nxe5 14. fxe5 Nd5
15. Nxd5 Qxd5 16. Bf3 Qa5 17. Qe2 Be6 18. c4 Rad8 19. b3 Kh8 20. Bf2 Rfe8 21.
Rad1 f6 22. b4 Qxb4 23. d5 cxd5 24. cxd5 Bc8 25. e6 b6 26. Rb1 Qa5 27. Rfd1 Bb7
28. Be1 Qc5+ 29. Bf2 Qa3 30. Rb3 Qa4 31. Be4 Rc8 32. Qf3 Qc4 33. Bd4 Red8 34.
Bb2 Kg8 35. Re3 Qxa2 36. Re2 Qa5 37. h4 Rc4 38. Red2 Qc5+ 39. Kh1 f5 40. gxf5
Bxb2 41. fxg6 Bg7 42. gxh7+ Kh8 43. h5 Rc3 44. Qg4 Qe3 45. Rh2 Rc1 46. Rxc1
Qxc1+ 47. Kg2 Qd2+ 0-1

[Event "Bundesliga 9900"]
[Site "Deutschland"]
[Date "2000.03.13"]
[Round "13.8"]
[White "Cladouras, Panagiotis"]
[Black "Andresen, Steffen"]
[Result "1-0"]
[WhiteElo "2339"]
[BlackElo "2299"]
[PlyCount "81"]
[EventDate "1999.10.09"]
[EventType "team"]
[EventRounds "15"]
[EventCountry "GER"]
[SourceTitle "Bundesliga 9900"]
[Source "DeepChess"]
[SourceDate "2005.01.01"]
[SourceVersion "1"]
[SourceVersionDate "2005.01.01"]
[SourceQuality "1"]
[WhiteTeam "Luebecker SV von 1873 "]
[BlackTeam "Dresdner SC 1898"]
[WhiteTeamCountry "GER"]
[BlackTeamCountry "GER"]

1. e4 c5 2. Nf3 Nc6 3. Bb5 d6 4. Bxc6+ bxc6 5. O-O e5 6. c3 Ba6 7. Re1 c4 8. b3
Ne7 9. Na3 cxb3 10. axb3 Ng6 11. Nc2 Bc8 12. d4 f6 13. Ne3 Be7 14. b4 Qc7 15.
d5 c5 16. Nf5 O-O 17. bxc5 Qxc5 18. Ba3 Qc7 19. c4 Bxf5 20. exf5 Nh8 21. Nd2
Nf7 22. Qc2 Rab8 23. h3 Qd7 24. g4 Rfc8 25. Rec1 Bd8 26. Qd3 Bb6 27. Ne4 Bd4
28. Rab1 Rb6 29. Rxb6 Bxb6 30. Kg2 Bd4 31. Qb3 a5 32. Rb1 h5 33. Rc1 Rc7 34.
Rb1 Rc8 35. Qb5 Qc7 36. Rc1 Rb8 37. Qa4 Bb2 38. Bxb2 Rxb2 39. c5 dxc5 40. Qe8+
Kh7 41. Rxc5 1-0

[Event "Bundesliga 9900"]
[Site "Deutschland"]
[Date "2000.03.13"]
[Round "13.1"]
[White "Dautov, Rustem"]
[Black "Khenkin, Igor"]
[Result "1/2-1/2"]
[WhiteElo "2602"]
[BlackElo "2622"]
[PlyCount "49"]
[EventDate "1999.10.09"]
[EventType "team"]
[EventRounds "15"]
[EventCountry "GER"]
[SourceTitle "Bundesliga 9900"]
[Source "DeepChess"]
[SourceDate "2005.01.01"]
[SourceVersion "1"]
[SourceVersionDate "2005.01.01"]
[SourceQuality "1"]
[WhiteTeam "Godesberger SK 1929"]
[BlackTeam "TV Tegernsee"]
[WhiteTeamCountry "GER"]
[BlackTeamCountry "GER"]

1. d4 d5 2. Nf3 Nf6 3. c4 c6 4. Nc3 e6 5. Bg5 h6 6. Bxf6 Qxf6 7. Qc2 dxc4 8. e3
b5 9. a4 Bb7 10. axb5 cxb5 11. Nxb5 Bb4+ 12. Nc3 O-O 13. Be2 Nd7 14. O-O Rfc8
15. Rfc1 a5 16. Na4 Rab8 17. Qd1 e5 18. Bxc4 Bxf3 19. Qxf3 Qxf3 20. gxf3 exd4
21. exd4 Rd8 22. Rd1 Nb6 23. Nxb6 Rxb6 24. Rd3 Rf6 25. b3 1/2-1/2

[Event "Bundesliga 9900"]
[Site "Deutschland"]
[Date "2000.03.13"]
[Round "13.5"]
[White "Kveinys, Aloyzas"]
[Black "Schmittdiel, Eckhard"]
[Result "1-0"]
[WhiteElo "2496"]
[BlackElo "2490"]
[PlyCount "105"]
[EventDate "1999.10.09"]
[EventType "team"]
[EventRounds "15"]
[EventCountry "GER"]
[SourceTitle "Bundesliga 9900"]
[Source "DeepChess"]
[SourceDate "2005.01.01"]
[SourceVersion "1"]
[SourceVersionDate "2005.01.01"]
[SourceQuality "1"]
[WhiteTeam "Godesberger SK 1929"]
[BlackTeam "TV Tegernsee"]
[WhiteTeamCountry "GER"]
[BlackTeamCountry "GER"]

1. e4 c5 2. Nf3 e6 3. Nc3 Nc6 4. g3 Nf6 5. Bg2 d5 6. exd5 Nxd5 7. Nxd5 Qxd5 8.
O-O Be7 9. d3 O-O 10. Be3 Qh5 11. d4 Rd8 12. Ne5 Qxd1 13. Rfxd1 Nxe5 14. dxe5
Rxd1+ 15. Rxd1 Rb8 16. h4 Kf8 17. Rd3 b6 18. a4 h6 19. h5 Ke8 20. Bc6+ Kf8 21.
Kg2 Bb7 22. Bxb7 Rxb7 23. Kf3 Ke8 24. Ke4 c4 25. Rd1 a6 26. f4 b5 27. axb5 Rxb5
28. Bd4 f5+ 29. Ke3 a5 30. Ra1 Bb4 31. Kf3 Rd5 32. Be3 Kd7 33. c3 Be7 34. Ra4
Rb5 35. Bc1 Rc5 36. g4 fxg4+ 37. Kxg4 Ke8 38. Kf3 Kf7 39. Ke4 g6 40. hxg6+ Kxg6
41. Be3 Rb5 42. Rxc4 Rxb2 43. Rc6 Kf7 44. f5 exf5+ 45. Kxf5 Bg5 46. Bc5 Ke8 47.
Rc7 Kd8 48. Bd6 a4 49. Ke6 Rc2 50. c4 a3 51. c5 a2 52. Ra7 Kc8 53. Kd5 1-0

[Event "Bundesliga 9900"]
[Site "Deutschland"]
[Date "2000.03.13"]
[Round "13.6"]
[White "Pezerovic, Edin"]
[Black "Heinbuch, Detlef"]
[Result "1-0"]
[WhiteElo "2436"]
[BlackElo "2394"]
[PlyCount "172"]
[EventDate "1999.10.09"]
[EventType "team"]
[EventRounds "15"]
[EventCountry "GER"]
[SourceTitle "Bundesliga 9900"]
[Source "DeepChess"]
[SourceDate "2005.01.01"]
[SourceVersion "1"]
[SourceVersionDate "2005.01.01"]
[SourceQuality "1"]
[WhiteTeam "TV Tegernsee"]
[BlackTeam "Godesberger SK 1929"]
[WhiteTeamCountry "GER"]
[BlackTeamCountry "GER"]

1. Nf3 d5 2. d4 Nf6 3. c3 c6 4. Bf4 Qb6 5. Qb3 Bf5 6. Nbd2 Nbd7 7. e3 e6 8. Nh4
Bg6 9. Nxg6 hxg6 10. h3 a5 11. Bd3 a4 12. Qxb6 Nxb6 13. a3 Nc8 14. c4 Bd6 15.
Bxd6 Nxd6 16. c5 Nf5 17. Ke2 Nd7 18. b4 axb3 19. Rhb1 Kd8 20. Nf3 f6 21. Rxb3
Kc7 22. Rab1 Rhb8 23. Ne1 e5 24. g4 Ne7 25. Bc2 Ra7 26. Nd3 Rh8 27. Rh1 g5 28.
Kd2 e4 29. Nb2 b6 30. cxb6+ Nxb6 31. Rc3 Nec8 32. a4 Nd6 33. Bb3 Nb7 34. Ke2
Kd6 35. Kf1 Na5 36. Ba2 Nd7 37. Kg2 Rb7 38. Rc2 Rhb8 39. Nd1 Rb4 40. Nc3 Rb2
41. Bb1 Nc4 42. Rhc1 R8b3 43. Rxb2 Rxb2 44. Bc2 Ndb6 45. Kg3 Na5 46. h4 gxh4+
47. Kxh4 g5+ 48. Kh5 Ke6 49. Kg6 Nbc4 50. Bxe4 dxe4 51. Nxe4 Nd6 52. Nxf6 Rxf2
53. Nh7 Nac4 54. e4 Nxe4 55. Rxc4 Kd5 56. Rb4 Rg2 57. a5 Ra2 58. Nxg5 Nf2 59.
Kf5 Nd3 60. Rb8 Rxa5 61. Nf3 Kd6+ 62. Kf6 Nf2 63. Rd8+ Kc7 64. Rg8 c5 65. d5 c4
66. Ke6 Ra6+ 67. Ke7 Rd6 68. Rc8+ Kxc8 69. Kxd6 Nxg4 70. Ke6 c3 71. Nd4 c2 72.
Nxc2 Nf2 73. Ke7 Ne4 74. Ne3 Kc7 75. Nc4 Kb8 76. Nd2 Nc3 77. d6 Nd5+ 78. Ke6
Nb6 79. Nc4 Na4 80. Ke7 Nc5 81. Na5 Kc8 82. Nc6 Kb7 83. Nb4 Kc8 84. Nd3 Nd7 85.
Nf4 Nb6 86. Nd3 Nd7 1-0